Pokemon Moves Top 5 damage of each type - Statistics

General Stats
  • This quiz has been taken 403 times
  • The average score is 49 of 90
Answer Stats
Type Power Answer % Correct
110 Hydro Pump/ Steam Eruption
92%
Ground 100 Earthquake
91%
110 Thunder
89%
Water 150 Hydro Cannon/ Water Spout
88%
90 Psychic
87%
90 Ice Beam
84%
90 Surf/ Muddy Water/ Aqua Tail
84%
90 Thunderbolt/ Wild Charge
84%
110 Blizzard
83%
120 Close Combat/ Focus Blast/ Superpower
81%
120 Woodhammer/ Solar Beam/ Seed Flare/ Petal Dance/ Power Whip
81%
150 Blast Burn/ Eruption
79%
80 Shadow Ball
79%
Normal 250 Explosion
78%
110 Fire Blast
77%
80 Crunch/ Dark Pulse/ Sucker Punch
76%
80 Dive/ Scald/ Waterfall
74%
Grass 150 Frenzy Plant
74%
200 Selfdestruct
74%
150 Hyper Beam/ Giga Impact
73%
80 Flash Cannon/ Iron Head
70%
90 Sludge Bomb
70%
90 Attack Order/ Bug Buzz
68%
120 Brave Bird
67%
95 Moonblast
66%
100 Stone Edge/ Diamond Storm
66%
130 Draco Meteor
65%
Flying 140 Sky Attack
65%
90 Energy Ball/ Leaf Blade/ Petal Blizzard
64%
Rock 150 Head Smash/ Rock Wrecker
64%
Bug 120 Megahorn
64%
130 Overheat/ Blue Flare
64%
75 Rock Slide
64%
90 Earth Power/ Land's Wrath
63%
100 Dragon Rush/ Spacial Rend
62%
90 Fly
62%
Dragon 150 Roar Of Time
62%
Poison 120 Belch/ Gunk Shot
61%
100 DynamicPunch/ Hammer Arm/ Cross Chop/ Jump Kick
60%
120 Volt Tackle/Zap Cannon
60%
120 Flare Blitz/ Magma Storm
59%
80 X-Scissor
59%
85 Dragon Pulse
58%
80 Extrasensory/ Psyshock/ Zen Headbutt
58%
100 Dream Eater/ Psystrike
57%
120 Outrage
57%
Fighting 150 Focus Punch
56%
95 Sludge Wave
56%
80 Dazzling Gleam
55%
80 Poison Jab
52%
Fire 180 V-Create
52%
60 Assurance/ Bite
51%
70 Shadow Claw
50%
Ghost 120 Shadow Force
50%
90 Phantom Force
48%
80 Dig/ Drill Run
46%
110 Hurricane
46%
100 Iron Tail
46%
60 Bulldoze
45%
90 Play Rough
45%
130 Leaf Storm
44%
130 High Jump Kick
42%
Psychic 140 Psycho Boost
41%
140 Last Resort/ Boomburst
40%
100 Aeroblast
39%
Steel 140 Doom Desire
39%
75 Ice Punch
39%
85 Icicle Crash
38%
65 Bone Club/ Mud Bomb
37%
70 Cross Poison
36%
Dark 95 Foul Play
36%
Ice 140 Freeze Shock/ Ice Burn
36%
Electric 130 Bolt Strike
35%
50 Draining Kiss
35%
70 Night Slash
35%
80 Power Gem
35%
120 Future Sight/ Sychronoise
33%
100 Fusion Bolt
32%
70 Steel Wing
32%
80 Seed Bomb/ Grass Pledge
31%
70 U-turn
31%
65 Hex
30%
60 AncientPower
29%
75 Signal Beam
28%
90 Meteor Mash
25%
100 Crabhammer
19%
85 Night Daze
19%
90 Sacred Sword
18%
Fairy 140 Light of Ruin
14%
130 Skull Bash
10%
No matching quizzes found
Score Distribution
Percent of People with Each Score
Percentile by Number Answered
Your Score History
You have not taken this quiz